ewige Tabelle der Serie A - Statistiken

Allgemein
  • Dieses Quiz wurde 134 mal gespielt
  • Das Durchschnittsergebnis liegt bei 11 aus 69
Antwortstatistiken
Platz Punkte Verein % Korrekt
2 5740 Inter Mailand
94%
1 6038 Juventus Turin
92%
3 5452 AC Mailand
91%
4 4964 AS Rom
81%
7 4114 Lazio Rom
77%
6 4168 SSC Neapel
67%
11 2892 Atalanta Bergamo
61%
8 3878 FC Turin
58%
5 4398 AC Florenz
55%
13 2328 Udinese Calcio
46%
10 2957 Sampdoria Genua
45%
16 1275 Hellas Verona
42%
9 3713 FC Bologna
35%
56 115 AC Monza
24%
14 1839 Cagliari Calcio
21%
15 1417 Parma Calcio
21%
26 676 US Lecce
19%
28 628 FC Empoli
18%
37 445 FC Venedig
18%
30 563 Sassuolo Calcio
12%
52 175 US Salernitana
12%
27 667 Catania Calcio
10%
19 1060 AS Bari
9%
21 807 Brescia Calcio
9%
59 91 Frosinone Calcio
8%
23 721 SPAL Ferrara
8%
63 54 Benevento Calcio
7%
46 262 US Cremonese
6%
24 685 AS Livorno
5%
40 349 AC Siena
4%
17 1205 Palermo FC
4%
57 106 Spezia Calcio
4%
33 513 AC Perugia
3%
34 510 Como 1907
3%
65 38 FC Carpi
3%
20 1027 US Triestina
3%
18 1188 Vicenza Calcio
3%
58 92 FC Crotone
2%
32 515 FC Modena
2%
47 236 FC Pro Vercelli
2%
35 506 Novara Calcio
2%
25 676 Padova Calcio
2%
44 283 Piacenza Calcio
2%
41 345 Reggina Calcio
2%
64 42 Ternana Calcio
2%
48 232 AC Mantova
1%
22 740 AS Chievo Verona
1%
39 399 Cesena FC
1%
12 2458 CFC Genua 1893
1%
54 168 Delfino Pescara 1936
1%
49 221 Pisa Sporting Club
1%
42 343 US Avellino
1%
38 399 US Foggia
1%
62 77 AC Legnano
0%
45 270 AC Liguria
0%
67 22 AC Pistoiese
0%
61 78 AC Reggiana
0%
53 171 A.C.R Messina
0%
69 13 Ancona Calcio
0%
29 520 Ascoli Calcio 1898
0%
43 324 A.S. Lucchese Libertas 1905
0%
51 191 AS Varese
0%
55 123 Casale Calcio
0%
68 21 FBC Treviso
0%
60 88 Lecco Calcio 1912
0%
36 456 Pro Patria 1919
0%
31 517 US Alessandria
0%
66 25 US Ancona
0%
50 202 US Catanazaro
0%
Keine übereinstimmenden Quizze gefunden
Verteilung der Resultate
Anzahl Personen mit jedem Resultat
Perzentil nach korrekt beantworteten Fragen
Ihre Resultats-Entwicklung
Sie haben dieses Quiz noch nicht gespielt